000 01208nam0a2200313 4500
001 RU\NLR\bibl\1723542
005 20260405200911.0
010 _a978-5-9901514-3-7
_95000
021 _aRU
_b2010-98932
_96679
035 _a(NLR Aleph) 001714522
090 _a1301000
_c1301000
100 _a20110117d2010 |||y0rusy50 ca
101 0 _arus
102 _aRU
105 _aa |||||||||
200 1 _aМАРАН-АФА!
_eчеловечество у порога Вечности, когда "...времени уже не будет"
_eпророческое Послание Последнему Поколению
_fОлег Кир
205 _a[2-е изд., испр. и доп.]
210 _aСанкт-Петербург
_cАНТТ-Принт
_d2010
215 _a385 с.
_cил.
_d21
320 _aБиблиогр.: с. 379-381 (65 назв.)
606 1 _aПророки и пророчества
_92048431
_3RU\NLR\auth\66944830
686 _aЭ391.224
700 1 _4070
_8rus
_7ca
_aКир
_bО.
_f1974-
_gОлег
_3RU\NLR\auth\7788486
_971414
801 0 _aRU
_bNLR
_c20110117
_gRCR
801 1 _aRU
_bNLR
_c20110117
942 _cBOOK
980 _aNB